000 00710nam a2200229Ii 4500
003 JO-AjNU
008 230605s9999||||xx |||||||||||||| ||und||
017 _a2001/13948
020 _a977-327-175-7
040 _aJO-AjNU
_bara
_erda
_cJO-AjNU
041 _aara
050 1 4 _aPJ6151.K8298 2001
100 3 _aالخويسكي، زين كامل,
_eauthor
_914456
245 0 0 _aسر الإعراب
250 _aط1
264 3 1 _aالقاهرة: دار الوفاء لدنيا الطباعة والنشر،2002
300 _a150ص
336 _atext
_btxt
_2rdacontent
337 _aunmediated
_bn
_2rdamedia
338 _avolume
_bnc
_2rdacarrier
650 4 _aاللغة العربية-الاعراب
_914457
999 _aA3859
_c7427
_d7427